| 000 | 00617nam a2200181 i 4500 | ||
|---|---|---|---|
| 001 | 126918 | ||
| 003 | ES-MaACL | ||
| 005 | 20251015063127.0 | ||
| 007 | t| | ||
| 008 | 070214s1938 sp |||| | spa d | ||
| 100 | 0 |
_aRey Carrera, Juan _996504 |
|
| 245 | 1 | 3 |
_aEl resurgir de España previsto por nuestros grandes pensadores _b: Donoso, Balmes, Aparisi, Menéndez y Pelayo, Vázquez de Mella / _cJuan Rey. |
| 260 |
_aSan Sebastián : _bEditorial Española, _c1938. |
||
| 300 |
_a407 p. ; _c22 cm. |
||
| 650 | 0 | 4 |
_aPolítica- _zEspaña- _yS.XX. _916272 |
| 852 |
_aES-MaACL _jA-4954 |
||
| 999 |
_c126918 _d126918 |
||